ONE BILLION CUSTOMERS (Record no. 62880)

000 -LEADER
fixed length control field 00452nam a22001817a 4500
003 - CONTROL NUMBER IDENTIFIER
control field MPLRDC
005 - DATE AND TIME OF LATEST TRANSACTION
control field 20220104184453.0
008 - FIXED-LENGTH DATA ELEMENTS--GENERAL INFORMATION
fixed length control field 210129b ||||| |||| 00| 0 eng d
020 ## - INTERNATIONAL STANDARD BOOK NUMBER
International Standard Book Number 0-7432-5841-8
082 ## - DEWEY DECIMAL CLASSIFICATION NUMBER
Classification number 490.8 MCG
100 ## - MAIN ENTRY--PERSONAL NAME
Personal name JAMES MCGREGOR
245 ## - TITLE STATEMENT
Title ONE BILLION CUSTOMERS
Statement of responsibility, etc.
250 ## - EDITION STATEMENT
Edition statement FIRST
260 ## - PUBLICATION, DISTRIBUTION, ETC.
Place of publication, distribution, etc. UNITED STATES
Name of publisher, distributor, etc. A WALL STREET JOURNAL BOOK
Date of publication, distribution, etc. 2007
300 ## - PHYSICAL DESCRIPTION
Other physical details PAPERBACK
650 ## - SUBJECT ADDED ENTRY--TOPICAL TERM
Topical term or geographic name entry element BUSINESS
942 ## - ADDED ENTRY ELEMENTS (KOHA)
Koha item type Book
-- 490.8 MCG
Holdings
Withdrawn status Lost status Source of classification or shelving scheme Damaged status Not for loan Collection code Home library Current library Shelving location Date acquired Cost, normal purchase price Total Checkouts Total Renewals Full call number Barcode Date last seen Date last checked out Price effective from Koha item type Public note
            Malaysian Public Library, Research and Development Centre Malaysian Public Library, Research and Development Centre   20/12/2009 19.90   1 490.8 MCG E0004844 18/03/2021 11/07/2010 18/03/2021 Book mplrdc

© 2022. Malaysian Public Library, Research and Development Centre. All Right ReservedE-mailmplrdc@help.edu.my 

Powered by Koha